[Event "Cheliabinsk-ch final"]
[Site "Cheliabinsk"]
[Date "2013.01.22"]
[Round "5"]
[White "Gortinsky, Vladislav"]
[Black "Kazantsev, Nikita"]
[Result "1/2-1/2"]
[WhiteElo "1817"]
[BlackElo "1838"]
[PlyCount "119"]
[EventDate "2013.01.15"]
[EventType "swiss"]
[EventRounds "9"]
[EventCountry "RUS"]
[SourceTitle "EXT 2014"]
[Source "ChessBase"]
[SourceDate "2013.11.20"]
[SourceVersion "1"]
[SourceVersionDate "2013.11.20"]
[SourceQuality "1"]

1. d4 Nf6 2. c4 g6 3. Nf3 Bg7 4. g3 0-0 5. Bg2 d6 6. 0-0 Nc6 7. Nc3 Bf5 8. Re1 Ne4 9. Nxe4 Bxe4 10. a3 Bxf3 11. Bxf3 Nxd4 12. Bxb7 Rb8 13. Bg2 c5 14. Rb1 Nb3 15. Bd2 Nxd2 16. Qxd2 Rb3 17. Bc6 Qb6 18. Bb5 a6 19. Qc2 Rxb2 20. Rxb2 Bxb2 21. Qxb2 axb5 22. cxb5 d5 23. a4 Ra8 24. Ra1 Ra5 25. Qc2 c4 26. Qc3 Ra8 27. Qb4 Qf6 28. Rc1 Qg5 29. Rb1 Qe5 30. e3 Qd6 31. Qxd6 exd6 32. b6 c3 33. b7 Rb8 34. Rc1 Rxb7 35. Rxc3 Rb1+ 36. Kg2 Ra1 37. Rd3 Rxa4 38. Rxd5 Ra6 39. Rd2 f5 40. Kf3 Kf7 41. h4 Kf6 42. Ke2 Ke6 43. f4 Rc6 44. Rd3 Rc2+ 45. Kf3 d5 46. Ra3 Kd6 47. Ra7 Rc3 48. Rxh7 d4 49. Rh6 Rxe3+ 50. Kf2 Re6 51. h5 gxh5 52. Rxh5 d3 53. Rh1 Kd5 54. Rh8 Kd4 55. Rd8+ Kc3 56. Rc8+ Kd2 57. Rc5 Re2+ 58. Kf3 Ke1 59. Rc1+ Kd2 60. Rc5 1/2-1/2

[Event "Cheliabinsk-ch final"]
[Site "Cheliabinsk"]
[Date "2013.01.20"]
[Round "4"]
[White "Kanakin, Konstantin"]
[Black "Gortinsky, Vladislav"]
[Result "1-0"]
[WhiteElo "1983"]
[BlackElo "1817"]
[PlyCount "133"]
[EventDate "2013.01.15"]
[EventType "swiss"]
[EventRounds "9"]
[EventCountry "RUS"]
[SourceTitle "EXT 2014"]
[Source "ChessBase"]
[SourceDate "2013.11.20"]
[SourceVersion "1"]
[SourceVersionDate "2013.11.20"]
[SourceQuality "1"]

1. d4 d5 2. c4 e6 3. Nf3 Nf6 4. e3 Be7 5. Bd3 a6 6. b3 0-0 7. 0-0 b6 8. Qc2 h6 9. Ne5 Bb7 10. Nd2 Nc6 11. Nxc6 Bxc6 12. Bb2 Re8 13. Nf3 Bb7 14. c5 c6 15. cxb6 Qxb6 16. Rac1 Rac8 17. Qe2 Ra8 18. Rc2 Rec8 19. Rfc1 a5 20. Bc3 Ba6 21. Bxa6 Rxa6 22. Ne5 Bd6 23. Nd3 Ne4 24. Bb2 Ra7 25. Nc5 Nf6 26. Ba3 Qb5 27. Qe1 Bxc5 28. Rxc5 Qa6 29. f3 Nd7 30. R5c3 Qb5 31. Bc5 Nxc5 32. Rxc5 Qb6 33. Qc3 Ra6 34. a3 Qd8 35. Qb2 Qd6 36. Qd2 Qc7 37. Qd3 Rb6 38. Qc3 Qb7 39. Rb1 a4 40. b4 Rb5 41. Rc1 Rxc5 42. Qxc5 Qa6 43. Qc2 Qb5 44. Qd2 Ra8 45. Rc5 Qb6 46. Qc2 Ra6 47. b5 Ra8 48. bxc6 Qa6 49. Kf2 Rc8 50. Qc3 Qb6 51. e4 dxe4 52. fxe4 Qb1 53. Qc2 Qa1 54. Qxa4 Qh1 55. Qa6 Rc7 56. Qd3 Qa1 57. Rc3 Qb2+ 58. Qc2 Qb6 59. Rc5 Qa7 60. a4 Qb6 61. g3 Qb4 62. Rc4 Qb6 63. Kg2 Qa5 64. Qd3 Qb6 65. d5 exd5 66. exd5 Qb2+ 67. Rc2 1-0

[Event "Cheliabinsk-ch sf"]
[Site "Cheliabinsk"]
[Date "2012.12.30"]
[Round "9"]
[White "Khafizova, Yana"]
[Black "Gortinsky, Vladislav"]
[Result "1-0"]
[WhiteElo "1936"]
[BlackElo "1817"]
[PlyCount "51"]
[EventDate "2012.12.13"]
[EventType "swiss"]
[EventRounds "9"]
[EventCountry "RUS"]
[SourceTitle "EXT 2022"]
[Source "ChessBase"]
[SourceDate "2021.10.06"]
[SourceVersion "1"]
[SourceVersionDate "2021.10.06"]
[SourceQuality "1"]

1. d4 d5 2. c4 e6 3. Nf3 Nf6 4. e3 Be7 5. Bd3 0-0 6. 0-0 a6 7. a4 b6 8. Nc3 Bb7 9. Re1 dxc4 10. Bxc4 c5 11. Ne5 cxd4 12. exd4 Qc8 13. Bb3 Nbd7 14. Nxf7 Qc6 15. f3 Bb4 16. Rxe6 Qc7 17. Nd8 Kh8 18. Nxb7 Qxb7 19. Bf4 Bxc3 20. bxc3 Nd5 21. Bd2 Rac8 22. Qe1 N5f6 23. Qg3 Nd5 24. c4 N5f6 25. Re7 Nh5 26. Qg4 1-0

[Event "Cheliabinsk-ch sf"]
[Site "Cheliabinsk"]
[Date "2012.12.25"]
[Round "7"]
[White "Litvinenko, Ekaterina"]
[Black "Gortinsky, Vladislav"]
[Result "1-0"]
[WhiteElo "1946"]
[BlackElo "1817"]
[PlyCount "117"]
[EventDate "2012.12.13"]
[EventType "swiss"]
[EventRounds "9"]
[EventCountry "RUS"]
[SourceTitle "EXT 2022"]
[Source "ChessBase"]
[SourceDate "2021.10.06"]
[SourceVersion "1"]
[SourceVersionDate "2021.10.06"]
[SourceQuality "1"]

1. e4 d5 2. exd5 Qxd5 3. Nc3 Qd8 4. d4 e6 5. Nf3 Nf6 6. Bd3 Be7 7. Ne4 Nbd7 8. 0-0 Nxe4 9. Bxe4 Nf6 10. Bd3 0-0 11. a3 b6 12. b4 Bb7 13. Bb2 Qd6 14. c4 Ng4 15. Ne5 Nxe5 16. dxe5 Qc6 17. f3 Qe8 18. Qc2 g6 19. Rae1 a5 20. Bc3 axb4 21. axb4 Qa4 22. Qd2 Rfd8 23. Ra1 Qd7 24. Rad1 Ra3 25. Qc1 Qa4 26. Bc2 Qa6 27. Rxd8+ Bxd8 28. Bb2 Ra2 29. Bb3 Be7 30. Bxa2 Qxa2 31. Qc3 Qa4 32. Ra1 Qxb4 33. Qxb4 Bxb4 34. Ra7 Bc5+ 35. Kf1 Bc6 36. Rxc7 Ba4 37. Ke2 Bg1 38. Bc1 Kg7 39. Bg5 Bxh2 40. Bf6+ Kh6 41. Rxf7 Bg1 42. g4 g5 43. Bh8 Be8 44. Rf6+ Bg6 45. Rxe6 Bc5 46. Bf6 Bf7 47. Rc6 Bxc4+ 48. Kd2 Bd5 49. Rc7 Bxf3 50. e6 Bxg4 51. e7 Bxe7 52. Bxe7 Bf3 53. Bf8+ Kg6 54. Rg7+ Kf5 55. Rxh7 g4 56. Ke3 Bd5 57. Rh5+ Ke6 58. Kf4 Bf3 59. Rb5 1-0

[Event "Cheliabinsk-ch sf"]
[Site "Cheliabinsk"]
[Date "2012.12.20"]
[Round "6"]
[White "Gortinsky, Vladislav"]
[Black "Gromak, Ivan"]
[Result "1/2-1/2"]
[WhiteElo "1817"]
[BlackElo "1891"]
[PlyCount "83"]
[EventDate "2012.12.13"]
[EventType "swiss"]
[EventRounds "9"]
[EventCountry "RUS"]
[SourceTitle "EXT 2022"]
[Source "ChessBase"]
[SourceDate "2021.10.06"]
[SourceVersion "1"]
[SourceVersionDate "2021.10.06"]
[SourceQuality "1"]

1. d4 Nf6 2. c4 e6 3. e3 b6 4. Nf3 Bb7 5. g3 Be7 6. Bg2 0-0 7. 0-0 d5 8. cxd5 Nxd5 9. Nc3 c5 10. Nxd5 Bxd5 11. dxc5 Bxc5 12. b3 Nd7 13. Bb2 Qe7 14. Rc1 Rfd8 15. Qc2 Nf6 16. Ng5 h6 17. Bxf6 Qxf6 18. Qh7+ Kf8 19. Ne4 Bxe4 20. Bxe4 Rab8 21. b4 Ke7 22. Bg2 Bxb4 23. Rc7+ Rd7 24. Rxd7+ Kxd7 25. Rd1+ Ke7 26. Qd3 Kf8 27. Qa6 Qe7 28. Bc6 Qc7 29. Qa4 Bd6 30. Bf3 b5 31. Qd4 Bc5 32. Qd3 Ke7 33. Rc1 Qb6 34. Qc3 Rc8 35. Re1 g6 36. Qg7 h5 37. Be4 Bb4 38. Rd1 Bc3 39. Qh6 Rc4 40. Bd3 Rc8 41. Qg5+ Bf6 42. Qxb5 1/2-1/2

[Event "Cheliabinsk EKRO Cup 11th"]
[Site "Cheliabinsk"]
[Date "2012.05.08"]
[Round "7"]
[White "Ramzaitsev, Nikolai"]
[Black "Gortinsky, Vladislav"]
[Result "1-0"]
[WhiteElo "1655"]
[BlackElo "1822"]
[PlyCount "40"]
[EventDate "2012.05.02"]
[EventType "swiss"]
[EventRounds "9"]
[EventCountry "RUS"]
[SourceTitle "CBM 148 Extra"]
[Source "ChessBase"]
[SourceDate "2012.06.22"]
[SourceVersion "1"]
[SourceVersionDate "2012.06.22"]
[SourceQuality "1"]

1. Nf3 d5 2. c4 e6 3. g3 Nf6 4. Bg2 g6 5. 0-0 Bg7 6. d4 0-0 7. cxd5 exd5 8. Nc3 c6 9. Bd2 Ne4 10. e3 Nxd2 11. Nxd2 Nd7 12. Rc1 Nf6 13. a4 Be6 14. b4 a6 15. Rb1 b5 16. Qb3 Qd7 17. Nf3 Ne4 18. Nxe4 dxe4 19. Qc2 exf3 20. Bxf3 Bd5 1-0

[Event "Cheliabinsk EKRO Cup 11th"]
[Site "Cheliabinsk"]
[Date "2012.05.04"]
[Round "3"]
[White "Markov, Igor"]
[Black "Gortinsky, Vladislav"]
[Result "0-1"]
[WhiteElo "1767"]
[BlackElo "1822"]
[PlyCount "160"]
[EventDate "2012.05.02"]
[EventType "swiss"]
[EventRounds "9"]
[EventCountry "RUS"]
[SourceTitle "CBM 148 Extra"]
[Source "ChessBase"]
[SourceDate "2012.06.22"]
[SourceVersion "1"]
[SourceVersionDate "2012.06.22"]
[SourceQuality "1"]

1. c4 e5 2. Nc3 Nf6 3. g3 g6 4. Bg2 Bg7 5. e3 0-0 6. Nge2 c6 7. d4 exd4 8. Nxd4 d5 9. cxd5 Nxd5 10. Nxd5 cxd5 11. 0-0 Nc6 12. Ne2 Be6 13. Nf4 Ne7 14. Qb3 Qd7 15. Rd1 Rfd8 16. Bd2 Be5 17. Bc3 Bxf4 18. exf4 d4 19. Qa3 Nc6 20. Qc5 Bd5 21. Bxd5 Qxd5 22. Qxd5 Rxd5 23. Rd3 Rad8 24. Rad1 Rc5 25. Kg2 b5 26. a3 a5 27. R3d2 dxc3 28. Rxd8+ Nxd8 29. Rxd8+ Kg7 30. bxc3 Rxc3 31. Rd5 Rxa3 32. Rxb5 Ra1 33. h4 a4 34. g4 a3 35. Ra5 a2 36. Ra6 Kf8 37. Ra7 Ke8 38. Ra6 Kd7 39. Ra7+ Kc6 40. Ra5 Kb6 41. Ra8 Kc5 42. Ra7 Kd4 43. Ra4+ Kd3 44. Ra8 h5 45. g5 Ke4 46. Ra5 Kxf4 47. Ra4+ Kf5 48. Ra5+ Ke6 49. Ra6+ Kd5 50. Ra5+ Kc4 51. Ra8 Kb3 52. Rb8+ Kc2 53. Rc8+ Kd3 54. Rd8+ Ke4 55. Re8+ Kf5 56. Ra8 Ke6 57. Ra6+ Ke7 58. Ra7+ Kf8 59. Ra8+ Kg7 60. Ra7 Kg8 61. Ra8+ Kh7 62. Ra7 Kg7 63. Ra6 f5 64. Ra7+ Kf8 65. f3 Ke8 66. Ra8+ Kd7 67. Ra7+ Ke6 68. Ra6+ Ke5 69. Ra5+ Kf4 70. Ra4+ Ke3 71. Ra3+ Ke2 72. Ra8 Rd1 73. Rxa2+ Rd2 74. Ra6 Ke3+ 75. Kg3 f4+ 76. Kh3 Kxf3 77. Ra2 Ke2 78. Ra3 Rd3+ 79. Rxd3 Kxd3 80. Kg2 Ke2 0-1

[Event "Cheliabinsk Region-ch"]
[Site "Cheliabinsk"]
[Date "2012.02.18"]
[Round "1"]
[White "Gortinsky, Vladislav"]
[Black "Tretjachenko, Leonid"]
[Result "0-1"]
[WhiteElo "1826"]
[BlackElo "1900"]
[PlyCount "56"]
[EventDate "2012.02.18"]
[EventType "swiss"]
[EventRounds "9"]
[EventCountry "RUS"]
[SourceTitle "EXT 2014"]
[Source "ChessBase"]
[SourceDate "2013.11.20"]
[SourceVersion "1"]
[SourceVersionDate "2013.11.20"]
[SourceQuality "1"]

1. d4 Nf6 2. c4 g6 3. Nf3 Bg7 4. e3 0-0 5. Bd3 c5 6. 0-0 d6 7. d5 e6 8. e4 exd5 9. exd5 Bg4 10. h3 Bxf3 11. Qxf3 Nbd7 12. Nc3 Ne5 13. Qd1 Nxd3 14. Qxd3 a6 15. Bg5 h6 16. Bh4 Qd7 17. Rab1 Rfe8 18. Rfe1 Rxe1+ 19. Rxe1 Re8 20. Rxe8+ Qxe8 21. Qd2 b5 22. b3 b4 23. Ne2 Qe4 24. Bxf6 Bxf6 25. Qd1 Be5 26. Ng3 Qf4 27. Nf1 Kg7 28. Qd2 Qe4 0-1

[Event "Cheliabinsk Spassky 75 op"]
[Site "Cheliabinsk"]
[Date "2012.02.09"]
[Round "8"]
[White "Tretjachenko, Leonid"]
[Black "Gortinsky, Vladislav"]
[Result "1-0"]
[WhiteElo "1900"]
[BlackElo "1826"]
[PlyCount "71"]
[EventDate "2012.01.29"]
[EventType "swiss"]
[EventRounds "9"]
[EventCountry "RUS"]
[SourceTitle "EXT 2014"]
[Source "ChessBase"]
[SourceDate "2013.11.20"]
[SourceVersion "1"]
[SourceVersionDate "2013.11.20"]
[SourceQuality "1"]

1. c4 e5 2. Nc3 Nf6 3. g3 c6 4. d4 exd4 5. Qxd4 d6 6. Bf4 Be6 7. e4 c5 8. Qd2 Nc6 9. b3 Qd7 10. Bg2 0-0-0 11. Nge2 h6 12. 0-0-0 g5 13. Nd5 Bxd5 14. exd5 Nb4 15. Be3 Qe7 16. a3 Na6 17. Nc3 Kb8 18. Rhe1 Qd7 19. f4 g4 20. f5 Qxf5 21. Rf1 Qg6 22. Rf2 Bg7 23. Rdf1 Rc8 24. Qc2 Qxc2+ 25. Kxc2 Nh5 26. Rf5 Rce8 27. Ne4 Re5 28. Rxf7 Rhe8 29. Kd3 Nf6 30. R7xf6 Bxf6 31. Rxf6 Rh5 32. Bf4 Rxh2 33. Nxd6 Rg8 34. Be4 Ka8 35. Nb5 h5 36. Rxa6 1-0

[Event "Cheliabinsk Spassky 75 op"]
[Site "Cheliabinsk"]
[Date "2012.02.04"]
[Round "4"]
[White "Gortinsky, Vladislav"]
[Black "Ksenofontov, Nikolai"]
[Result "1-0"]
[WhiteElo "1826"]
[BlackElo "1680"]
[PlyCount "47"]
[EventDate "2012.01.29"]
[EventType "swiss"]
[EventRounds "9"]
[EventCountry "RUS"]
[SourceTitle "EXT 2014"]
[Source "ChessBase"]
[SourceDate "2013.11.20"]
[SourceVersion "1"]
[SourceVersionDate "2013.11.20"]
[SourceQuality "1"]

1. d4 c5 2. e3 Nc6 3. Nf3 d5 4. dxc5 e5 5. c3 e4 6. Nd4 Bxc5 7. Bb5 Bd7 8. Nb3 Qb6 9. Qxd5 Qxb5 10. Qxc5 Qa6 11. Qg5 Nge7 12. Nc5 Qb6 13. Nxe4 Nf5 14. 0-0 Ne5 15. Ng3 f6 16. Qf4 g5 17. Qe4 Nd6 18. Qd4 Qc6 19. f4 Nef7 20. Qxf6 Rg8 21. f5 h5 22. Nxh5 Kf8 23. Nd2 Re8 24. Nb3 1-0

[Event "Cheliabinsk Spassky 75 op"]
[Site "Cheliabinsk"]
[Date "2012.02.02"]
[Round "3"]
[White "Popov, Sergei2222"]
[Black "Gortinsky, Vladislav"]
[Result "1-0"]
[WhiteElo "1867"]
[BlackElo "1826"]
[PlyCount "59"]
[EventDate "2012.01.29"]
[EventType "swiss"]
[EventRounds "9"]
[EventCountry "RUS"]
[SourceTitle "EXT 2014"]
[Source "ChessBase"]
[SourceDate "2013.11.20"]
[SourceVersion "1"]
[SourceVersionDate "2013.11.20"]
[SourceQuality "1"]

1. d4 d5 2. c4 e6 3. e3 Nf6 4. Nf3 Be7 5. Nc3 a6 6. c5 b6 7. cxb6 cxb6 8. Ne5 Bb7 9. Bd3 Nbd7 10. f4 Nxe5 11. fxe5 Nd7 12. 0-0 f5 13. g4 Bh4 14. gxf5 Qg5+ 15. Kh1 Nf8 16. Bd2 0-0-0 17. Qb3 Qh6 18. Ne2 exf5 19. Bxf5+ Kb8 20. Bb4 Qh5 21. Bd3 Ne6 22. Bd6+ Ka7 23. a4 g5 24. Rf6 Rde8 25. a5 b5 26. Rc1 g4 27. Rc7 g3 28. Rxb7+ Kxb7 29. Qxd5+ Ka7 30. Be4 1-0

[Event "Cheliabinsk-ch sf"]
[Site "Cheliabinsk"]
[Date "2011.12.27"]
[Round "9"]
[White "Gortinsky, Vladislav"]
[Black "Khazhipov, Timur"]
[Result "1/2-1/2"]
[WhiteElo "1748"]
[BlackElo "2002"]
[PlyCount "129"]
[EventDate "2011.12.11"]
[EventType "swiss"]
[EventRounds "9"]
[EventCountry "RUS"]
[SourceTitle "EXT 2022"]
[Source "ChessBase"]
[SourceDate "2021.10.06"]
[SourceVersion "1"]
[SourceVersionDate "2021.10.06"]
[SourceQuality "1"]

1. d4 d5 2. c4 c6 3. e3 Nf6 4. Nc3 Bf5 5. cxd5 Nxd5 6. Nf3 Nxc3 7. bxc3 e6 8. Bd3 Bxd3 9. Qxd3 Be7 10. 0-0 0-0 11. e4 Nd7 12. Be3 Qc7 13. Rfd1 Rfd8 14. Qc2 b6 15. Rab1 Rac8 16. e5 c5 17. Qe4 Nf8 18. Qg4 cxd4 19. cxd4 Qb7 20. Bg5 Bxg5 21. Nxg5 Rc2 22. a4 Qd5 23. Ne4 Ng6 24. h4 h5 25. Qg5 Rd7 26. Nd6 Rxd6 27. exd6 Qxd6 28. Rbc1 Rxc1 29. Rxc1 Nf4 30. Rc8+ Kh7 31. Qe5 Qxe5 32. dxe5 Nd5 33. Kf1 Kg6 34. g3 Kf5 35. f4 f6 36. exf6 gxf6 37. Kf2 Ke4 38. Rh8 Nc3 39. Rxh5 Nxa4 40. Rb5 Nc3 41. Rb3 Nd5 42. h5 f5 43. h6 Nf6 44. Ra3 Ng4+ 45. Ke2 Nxh6 46. Rxa7 Kd5 47. Rc7 Ng4 48. Kd2 Nf6 49. Ke3 Ne4 50. Rg7 b5 51. Kd3 Nf6 52. Rg6 Ne4 53. Kc2 Kc4 54. Rxe6 Nxg3 55. Rg6 Ne2 56. Rg5 b4 57. Kb2 Nd4 58. Rg8 Kd3 59. Re8 Kc4 60. Rc8+ Kd5 61. Rb8 b3 62. Re8 Ne6 63. Kxb3 Nxf4 64. Rf8 Ke4 65. Rxf5 1/2-1/2

[Event "Cheliabinsk Region Club-ch sf"]
[Site "Cheliabinsk"]
[Date "2011.10.12"]
[Round "9"]
[White "Gortinsky, Vladislav"]
[Black "Terentiev, Alexey"]
[Result "1-0"]
[WhiteElo "1724"]
[BlackElo "1588"]
[PlyCount "65"]
[EventDate "2011.10.12"]
[EventType "swiss"]
[EventRounds "9"]
[EventCountry "RUS"]
[SourceTitle "EXT 2022"]
[Source "ChessBase"]
[SourceDate "2021.10.06"]
[SourceVersion "1"]
[SourceVersionDate "2021.10.06"]
[SourceQuality "1"]

1. d4 d5 2. c4 e5 3. dxe5 d4 4. Nf3 Nc6 5. h3 Bb4+ 6. Bd2 Qe7 7. a3 Nxe5 8. Nxe5 Bxd2+ 9. Nxd2 Qxe5 10. Nf3 Qh5 11. Qxd4 Nf6 12. Qe5+ Qxe5 13. Nxe5 Be6 14. e3 0-0-0 15. Rd1 Rxd1+ 16. Kxd1 Ne4 17. Ke1 Rd8 18. Bd3 Nc5 19. Be2 f6 20. Nf3 Na4 21. Nd4 Bd7 22. b3 Nc3 23. Bf3 c5 24. Kd2 Na2 25. Ra1 cxd4 26. exd4 Bf5 27. d5 Nb4 28. axb4 Kb8 29. Re1 Rd7 30. Be4 Bxe4 31. Rxe4 b5 32. Kc3 Kc7 33. Kd4 1-0

[Event "Cheliabinsk Kibizov Memorial 6th"]
[Site "Cheliabinsk"]
[Date "2011.06.30"]
[Round "7"]
[White "Gortinsky, Vladislav"]
[Black "Krapivin, Viktor"]
[Result "1/2-1/2"]
[WhiteElo "1721"]
[BlackElo "1928"]
[PlyCount "90"]
[EventDate "2011.06.24"]
[EventType "swiss"]
[EventRounds "9"]
[EventCountry "RUS"]
[SourceTitle "EXT 2022"]
[Source "ChessBase"]
[SourceDate "2021.10.06"]
[SourceVersion "1"]
[SourceVersionDate "2021.10.06"]
[SourceQuality "1"]

1. d4 Nf6 2. e3 e6 3. Nf3 b6 4. c4 Bb7 5. Be2 Be7 6. Nc3 0-0 7. 0-0 d6 8. Qc2 Nbd7 9. e4 c5 10. d5 e5 11. Ne1 Ne8 12. f4 exf4 13. Bxf4 Bf6 14. Qd3 Ne5 15. Bxe5 Bxe5 16. Nf3 f6 17. Nxe5 fxe5 18. Rxf8+ Kxf8 19. Rf1+ Kg8 20. Qh3 Qe7 21. Bg4 Nf6 22. Be6+ Kh8 23. g4 Rf8 24. g5 Ne8 25. Rxf8+ Qxf8 26. g6 h6 27. Bf7 Nf6 28. Qf5 a6 29. b3 Qd8 30. a4 Bc8 31. Be6 Bd7 32. Qf3 Be8 33. Bf5 Ng8 34. Qg4 Qg5 35. Qxg5 hxg5 36. Kg2 Ne7 37. Kg3 Nxg6 38. Bxg6 Bxg6 39. Kg4 Kg8 40. Kxg5 Be8 41. Nd1 Kf7 42. Ne3 g6 43. h4 Bd7 44. h5 gxh5 45. Kxh5 Kf6 1/2-1/2

[Event "Cheliabinsk Kibizov Memorial 6th"]
[Site "Cheliabinsk"]
[Date "2011.06.24"]
[Round "1"]
[White "Gortinsky, Vladislav"]
[Black "Khazhipov, Timur"]
[Result "0-1"]
[WhiteElo "1721"]
[BlackElo "2075"]
[PlyCount "126"]
[EventDate "2011.06.24"]
[EventType "swiss"]
[EventRounds "9"]
[EventCountry "RUS"]
[SourceTitle "EXT 2022"]
[Source "ChessBase"]
[SourceDate "2021.10.06"]
[SourceVersion "1"]
[SourceVersionDate "2021.10.06"]
[SourceQuality "1"]

1. d4 d5 2. c4 c6 3. e3 Nf6 4. Nf3 Bf5 5. Nc3 e6 6. cxd5 exd5 7. h3 Bd6 8. Bd3 Bxd3 9. Qxd3 0-0 10. 0-0 Nbd7 11. a3 a5 12. e4 dxe4 13. Nxe4 Nxe4 14. Qxe4 Nf6 15. Qd3 Nd5 16. Bd2 Re8 17. Rfe1 Qb6 18. Rab1 Rxe1+ 19. Bxe1 Re8 20. Ng5 g6 21. Ne4 Bf8 22. Bd2 Bg7 23. Bc3 Re7 24. Nd6 Nf4 25. Qd2 Ne2+ 26. Kh1 Nxc3 27. Qxc3 Qxd4 28. Nc8 Rc7 29. Qxd4 Bxd4 30. Nd6 Bxf2 31. Ne4 Bd4 32. b3 Re7 33. Nd6 Bc5 34. Nc4 b6 35. a4 f5 36. Rc1 Bf2 37. Rf1 Re2 38. Rd1 b5 39. axb5 cxb5 40. Nxa5 Rb2 41. Rd3 f4 42. Rd1 Bb6 43. Nc6 Rxb3 44. Ne7+ Kg7 45. Nd5 Be3 46. Rf1 g5 47. h4 h6 48. h5 Rd3 49. Nb4 Rc3 50. Nd5 Rc1 51. Nxe3 Rxf1+ 52. Nxf1 Kf6 53. Kg1 g4 54. Kf2 Kg5 55. Nd2 Kxh5 56. g3 fxg3+ 57. Kxg3 b4 58. Nb3 Kg5 59. Nd4 h5 60. Ne6+ Kf6 61. Nc5 Ke7 62. Nb3 Kd6 63. Kf4 Kd5 0-1

[Event "Cheliabinsk-ch"]
[Site "Cheliabinsk"]
[Date "2011.02.26"]
[Round "1"]
[White "Sultanov, Ruslan"]
[Black "Gortinsky, Vladislav"]
[Result "1-0"]
[WhiteElo "2050"]
[BlackElo "1708"]
[PlyCount "79"]
[EventDate "2011.02.26"]
[EventType "swiss"]
[EventRounds "9"]
[EventCountry "RUS"]
[SourceTitle "CBM 141 Extra"]
[Source "ChessBase"]
[SourceDate "2011.05.03"]
[SourceVersion "1"]
[SourceVersionDate "2011.05.03"]
[SourceQuality "1"]

1. e4 d5 2. exd5 Qxd5 3. Nc3 Qd8 4. Bc4 Nf6 5. Nf3 e6 6. 0-0 Be7 7. d4 0-0 8. Be3 a6 9. a4 b6 10. d5 exd5 11. Nxd5 Bb7 12. Nxe7+ Qxe7 13. Bd3 Nc6 14. Re1 Qd6 15. Nd4 Nxd4 16. Bxd4 Qc6 17. f3 Qd6 18. Be5 Qc5+ 19. Kh1 Nd5 20. Be4 f5 21. Bd4 Qc6 22. Bd3 Nb4 23. Re7 Rf7 24. Rxf7 Kxf7 25. Bxf5 Qd6 26. c3 Rd8 27. Qe1 Nc6 28. Bf2 Re8 29. Qd1 Qxd1+ 30. Rxd1 Re2 31. Kg1 Ne7 32. Rd7 Bc6 33. Rxc7 Rxb2 34. Bh4 Re2 35. Be4 Bxe4 36. Rxe7+ Kg6 37. Rxe4 Rc2 38. Re6+ Kh5 39. Be7 Rxc3 40. g4# 1-0

[Event "Cheliabinsk Panchenko Memorial 2nd"]
[Site "Cheliabinsk"]
[Date "2010.10.08"]
[Round "6"]
[White "Povolotsky, Evgeny"]
[Black "Gortinsky, Vladislav"]
[Result "1-0"]
[WhiteElo "1971"]
[BlackElo "1668"]
[PlyCount "115"]
[EventDate "2010.10.04"]
[EventType "swiss"]
[EventRounds "9"]
[EventCountry "RUS"]
[SourceTitle "EXT 2011"]
[Source "ChessBase"]
[SourceDate "2010.11.26"]
[SourceVersion "1"]
[SourceVersionDate "2010.11.26"]
[SourceQuality "1"]

1. d4 d5 2. c4 e6 3. Nc3 Nf6 4. Bg5 Be7 5. e3 a6 6. Nf3 dxc4 7. Bxc4 b5 8. Bd3 Bb7 9. 0-0 0-0 10. Ne5 Nc6 11. f4 Nb4 12. Bb1 Nfd5 13. Bxe7 Qxe7 14. Qh5 g6 15. Qh3 Nxc3 16. bxc3 Nd5 17. e4 Nf6 18. Qh4 Nd5 19. Qg3 Nf6 20. Qe3 Rac8 21. f5 exf5 22. exf5 Nd5 23. Qg3 Qd6 24. Kh1 Rcd8 25. Be4 Ba8 26. Bxd5 Qxd5 27. f6 Rfe8 28. Qh3 Qd6 29. Nxf7 Kxf7 30. Qxh7+ Ke6 31. Rae1+ Kd5 32. Qf7+ Re6 33. Re5+ Kc4 34. Qxe6+ Bd5 35. Qxd6 cxd6 36. Rg5 Bf7 37. Rg3 Rf8 38. Re3 a5 39. g4 b4 40. cxb4 axb4 41. Rf4 Ra8 42. Re7 Bd5+ 43. Kg1 Rxa2 44. f7 Bxf7 45. Rexf7 b3 46. Rc7+ Kd5 47. Rc1 b2 48. Rb1 Ra1 49. Rff1 Kxd4 50. Rxa1 bxa1Q 51. Rxa1 d5 52. Kf2 Ke4 53. Rd1 d4 54. h3 g5 55. Rd2 d3 56. Rd1 Kd4 57. Kf3 Kc3 58. Ke3 1-0

[Event "Cheliabinsk Kibizov Memorial 5th"]
[Site "Cheliabinsk"]
[Date "2010.07.01"]
[Round "8"]
[White "Krapivin, Viktor"]
[Black "Gortinsky, Vladislav"]
[Result "1-0"]
[WhiteElo "1911"]
[BlackElo "1613"]
[PlyCount "59"]
[EventDate "2010.06.24"]
[EventType "swiss"]
[EventRounds "9"]
[EventCountry "RUS"]
[SourceTitle "EXT 2012"]
[Source "ChessBase"]
[SourceDate "2011.11.24"]
[SourceVersion "1"]
[SourceVersionDate "2011.11.24"]
[SourceQuality "1"]

1. e4 d5 2. exd5 Qxd5 3. Nc3 Qd8 4. d4 Nf6 5. Nf3 Bg4 6. h3 Bh5 7. g4 Bg6 8. Bg2 Nc6 9. 0-0 Nb4 10. Ne1 c6 11. Bg5 Nfd5 12. Nxd5 Nxd5 13. c4 Nc7 14. f4 Ne6 15. Bh4 Qxd4+ 16. Qxd4 Nxd4 17. f5 Nxf5 18. gxf5 Bh5 19. Bf3 Bxf3 20. Nxf3 h6 21. Rad1 e6 22. fxe6 fxe6 23. Ne5 g5 24. Bg3 Bc5+ 25. Kg2 Rh7 26. Ng4 Ke7 27. Nf6 Rhh8 28. Rd7+ Kf8 29. Rxb7 Bb6 30. Bd6# 1-0